| 000 | 01062cam a22002531i 4500 | ||
|---|---|---|---|
| 003 | SA-RiAUC | ||
| 005 | 20241003130421.0 | ||
| 008 | 241002s2013 le g 000 0 ara c | ||
| 040 |
_aSA-RiAUC _bara _cSA-RiAUC _erda |
||
| 082 | 0 | 4 |
_a210.2 _qSA-RiAUC |
| 090 |
_a210.2 _b ب ي ر |
||
| 100 | 1 |
_aالبيروتي، مازن بن عبد الرحمن _eمؤلف. |
|
| 245 | 1 | 0 |
_aكناشة البيروتي : _bفرائد ملتقطة وفوائد متنوعة من بطون كتب السلف المتفننة / _cمازن بن عبد الرحمن البحصلي البيروتي. |
| 264 | 1 |
_aبيروت : _bدار البشائر الإسلامية للطبع والنشر والتوزيع، _c2013 |
|
| 300 |
_aمجلدات ؛ _c24 × 17 سم |
||
| 336 |
_aنص _btxt _2rdacontent _3كتاب |
||
| 337 |
_aبدون وسيط _bn _2rdamedia |
||
| 338 |
_aمجلد _bnc _2rdacarrier |
||
| 500 | _aغلاف أبيض. | ||
| 563 | _aمجلد. | ||
| 650 | 7 |
_aالإسلام _vمتفرقات _2aucsh |
|
| 942 |
_2ddc _cBOOK _n0 |
||
| 949 |
_aSA-JeALM _d241002 _umohamedma123 _n1 |
||
| 999 |
_c823 _d823 |
||